00615 2200229 4500001002100000005001500021035002000036007000300056008004100059020002200100082001400122084002000136100002000156245006700176250001000243260003400253300003100287650001200318700001800330504002500348990001200373INLIS00000000001415220220808095014 a0010-0822000191ta220808 g 0 ind  a978-602-8661-13-3 a641.563 1 a641.563 1 RIT k0 aRITA, Ramayulis1 aKartu Menu dan Resep Asam Urat /cRita Ramayulis, Trina Astuti acet.1 aDepok :bPenebar Plus+,c2010 a87 hal. :bilus. ;c21 cm. 4aMASAKAN0 aTRINA, Astuti aBibliografi : hal.87 a13043 A